Atalanta sous Gasperini - Statistiques

Statistiques générales
  • Ce quiz a été pris 37 fois
    30 depuis la dernière actualisation
  • Le résultat moyen est 41 sur 82
Statistiques - réponses
Apparitions Periode Pays Joueur Provenance % Correct
283 2018- Croatie Pasalic Chelsea
100%
191 2018-2023 Colombie Zapata Sampdoria
96%
343 2017- Pays-Bas De Roon Middlesbrough
92%
124 2022- Bresil Ederson Salernitana
92%
105 2022- Nigeria Lookman Leipzig
92%
281 2016- Italie Toloi Sao Paulo
88%
85 2023- Belgique De Ketelaere Milan
83%
270 2016- Albanie Djimsiti Zürich
83%
129 2021-2024 Pays-Bas Koopmeiners AZ
83%
141 2021- Italie Zappacosta Chelsea
83%
254 2016-2022 Suisse Freuler FC Lucerne
79%
173 2017-2022 Slovenie Ilicic Fiorentina
79%
98 2020-2024 Russie Miranchuk Lokomotiv
79%
184 2019-2024 Colombie Muriel Sevilla
79%
191 2014-2021 Argentine Papu Gomez Metalist Kharkiv
79%
107 2021- Italie Scalvini Atalanta
79%
157 2018-2022 Allemagne Gosens Almelo
75%
245 2017-2024 Pays-Bas Hateboer Groningen
75%
69 2023- Bosnie Kolasinac OM
75%
70 2021-2023 Turquie Demiral Juventus
71%
57 2024- Suède Hien Hellas
71%
31 2024- Serbie Samardzic Udinese
71%
29 2024- Italie Bellanova Torino
67%
47 2022-2023 Cote d'ivoire Boga Sassuolo
67%
96 2017-2020 Belgique Castagne Genk
67%
19 2024- Colombie Cuadrado Inter
67%
112 2018-2022 Italie Gollini Aston Villa
67%
45 2023- Italie Scamacca West Ham
67%
62 2019- Italie Carnesecchi Atalanta
63%
17 2024- Cote d'ivoire Kossounou Leverkusen
63%
96 2021-2023 Danemark Maehle Genk
63%
143 2019-2023 Ukraine Malinovskyi Genk
63%
99 2021-2024 Argentine Musso Udinese
63%
98 2020- Italie Ruggeri Atalanta
63%
22 2023-2024 Pays-Bas Bakker Leverkusen
58%
225 2017-2024 Argentine Palomino Ludogorets
58%
33 2024- Italie Retegui Genoa
58%
23 2024-2025 Italie Zaniolo Galatasaray
58%
42 2022-2023 Danemark Hojlund Sturmgraz
54%
42 2021-2022 Argentine Romero Juventus
54%
11 2023-2024 France Adopo Torino
50%
25 2024- Italie Brescianini Frosinone
50%
12 2024- Italie Palestra Atalanta
50%
10 2011- Italie Rossi Atalanta
50%
16 2022- France Soppy Udinese
50%
17 2023-2024 Mali Touré Almeria
50%
31 2015-2017 Cote d'ivoire Kessie Atalanta
46%
59 2017-2018 Italie Cristante Benfica
42%
13 2020-2021 Colombie Mojica Girona
42%
59 2019-2023 Italie Sportiello Atalanta
42%
52 2020-2021 Gambie Barrow Atalanta
38%
10 2017 Italie Bastoni Atalanta
38%
91 2016-2020 Albanie Berisha Lazio
38%
92 2020-2021 Italie Caldara Atalanta
38%
124 2011-2020 Italie Masiello Bari
38%
32 2023-2024 Suède Holm Spezia
33%
19 2021-2022 Pays-Bas Lammers Psv
33%
96 2017-2022 Italie Pessina Milan
33%
75 2016-2019 Italie Petagna Milan
33%
57 2016-2018 Italie Spinazzola Juventus
33%
10 2020 France Tamèze nice
33%
35 2017-2018 Danemark Cornelius Copenhague
29%
14 2014-2017 Italie Gagliardini Atalanta
29%
58 2015-2018 Slovenie Kurtic Sassuolo
29%
48 2017-2019 Italie Mancini Atalanta
29%
17 2021-2024 Italie Okoli Atalanta
29%
29 2021-2022 Italie Pezzella Parma
29%
16 2020-2022 Croatie Sutalo Atalanta
29%
10 2020-2021 italie Depaoli Sampdoria
25%
15 2020-2024 Italie Piccoli Atalanta
21%
35 2014-2017 Italie Conti Atalanta
17%
12 2014-2018 Sénégal Dramé Chievo
17%
11 2016-2017 France Konko Genoa
13%
10 2017-2018 Italie Orsolini Juventus
13%
10 2010-2017 Italie Raimondi Livorno
13%
12 2018 Argentine Rigoni Zenit
13%
17 2019-2023 Italie Zortea Atalanta
13%
11 2018-2019 Suisse Haas Lucerne
8%
19 2016-2017 Bosnie Zukanovic Roma
8%
28 2014-2017 Italie D'Alessandro Roma
0%
20 2016 Italie Grassi Atalanta
0%
14 2016-2017 Italie Paloschi Chievo
0%
Aucun quiz correspondant
Distribution des résultats
% des personnes avec chaque résultat
Percentile par nombre de réponses
Votre historique - résultats
Vous n’avez pas pris ce quiz depuis la dernière actualisation